000 00619nam a2200241Ia 4500
003 OSt
005 20220918191151.0
006 a|||||r|||| 00| 0
007 ta
008 220917b |||||||| |||| 00| 0 eng d
024 _a61,823
037 _cTextual
040 _aARTS
_cARTS
_beng
041 _2eng
_aeng
082 _aQ43, L6
100 _aGuenther Herbert V
245 0 _aTreasure on the Tibetan middle way
260 _aBerkeley
_bShambhala
_c1976
300 _ax, 156p.
_ccm.
650 _aRELIGION
942 _hQ43, L6
_cTEXL
_2CC
999 _c188592
_d188592